Statistics for House of the Rising Sun - The Animals (All Lyrics)

Click here to take the quiz!

General Stats

  • This quiz has been taken 1,446 times
  • The average score is 123 of 154

Answer Stats

Lyrics% Correct
a
100%
house
100%
House
100%
I
100%
Oh
100%
the
100%
in
99%
Rising
99%
Sun.
99%
There
99%
there
99%
is
98%
call
97%
New
97%
new
97%
Orleans.
97%
Orleans
97%
Orleans,
97%
they
94%
and
93%
And
93%
of
92%
it's
91%
man
90%
on
88%
been
87%
do
87%
know
85%
many
85%
was
84%
boy.
83%
mother
83%
mother,
83%
My
83%
my
83%
one
83%
one.
83%
I'm
82%
father
80%
God,
80%
ruin
80%
poor
78%
down
77%
She
77%
blue
76%
jeans.
76%
to
75%
gamblin'
72%
what
72%
have
71%
your
71%
done.
70%
not
70%
tailor.
69%
children
68%
tell
68%
sewed
66%
he's
64%
when
59%
only
56%
time
54%
misery
50%
thing
50%
Spend
48%
satisfied,
47%
suitcase
47%
gambler
45%
Now
45%
needs,
44%
sin
43%
that
42%
drunk.
41%
goin'
41%
back
39%
lives
37%
trunk.
37%
train.
32%
ball
28%
chain.
28%
other
28%
Well,
28%
foot
27%
got
27%
wear
27%
platform,
26%

Score Distribution

Percentile by Number Answered

Percent of People with Each Score

Your Score History

You have not taken this quiz